00577nam a2200181Ia 450000500170000000800410001702000180005808200130007610000200008924500740010926000570018330000160024065000100025665000130026694200060027995200950028599900150038020240725012835.0240331s9999 xx 000 0 und d a9789559261582 bTHIa200 aThiruchandran,S 0aPatriarchal World View of Hinduism in Sri Lanka cSelvy thiruchandran aColombobWomen's Education and Research Centrec2012 axi, 52 p ., aWomen aReligion cL 001040708LaWERCLbWERCLcSSCd2024-03-31l0o 200 THIp6813r2024-03-31w2024-03-31yL c5824d5824